Statystyki dla 20 największych miast w Niemczech

Kliknij tutaj aby rozwiązać quiz!

Ogólne statystyki

  • Ten quiz został rozwiązany 4,503 razy
  • Średni wynik to 10 z 20

Statystyki odpowiedzi

Liczba Ludności Miasto % poprawnych
3 520 031Berlin
100%
1 450 381Monachium
95%
1 787 408Hamburg
86%
586 181Dortmund
83%
732 688Frankfurt nad Menem
78%
1 060 582Kolonia
74%
560 472Lipsk
62%
543 825Drezno
57%
557 464Brema
56%
612 178Dusseldorf
50%
623 738Stuttgart
48%
532 163Hanower
39%
509 975Norymberga
36%
318 809Bonn
33%
582 624Essen
28%
491 231Duisburg
14%
333 090Bielefeld
12%
364 742Bochum
11%
310 039Munster
9%
350 046Wuppertal
7%

Rozkład punktacji

Percentyl według liczby udzielonych odpowiedzi

Procent ludzi z każdym wynikiem

Twoja historia wyników

Nie rozwiązałeś tego quizu